<?xml version="1.0" encoding="UTF-8"?>
<collection xmlns="http://www.loc.gov/MARC21/slim">
  <record>
    <leader>00000nam  2200000   4500</leader>
    <controlfield tag="001">INLIS000000000013228</controlfield>
    <controlfield tag="005">20220907082953</controlfield>
    <datafield tag="035" ind1="#" ind2="#">
      <subfield code="a">0010-0822000029</subfield>
    </datafield>
    <datafield tag="245" ind1="1" ind2="#">
      <subfield code="a">Strategi Peningkatan Sistem Operasional dan Pemeliharaan Drainase Perkotaan Kabupaten Bintan Melalui Sistem Informasi Drainase (SIDARA) Dinas Pekerjaan Umum dan Penataan Ruang Pemerintah Kabupaten Bintan /</subfield>
      <subfield code="c">Herry Wahyu MS, S.Sos.</subfield>
    </datafield>
    <datafield tag="100" ind1=" " ind2="#">
      <subfield code="a">WAHYU,Herry</subfield>
    </datafield>
    <datafield tag="250" ind1="#" ind2="#">
      <subfield code="a">1</subfield>
    </datafield>
    <datafield tag="300" ind1="#" ind2="#">
      <subfield code="a">iv,36 halaman.,lampiran :</subfield>
      <subfield code="b">ilustrasi ;</subfield>
      <subfield code="c">30 cm</subfield>
    </datafield>
    <datafield tag="260" ind1="#" ind2="#">
      <subfield code="a">Samarinda :</subfield>
      <subfield code="b">Puslatbang KDOD,</subfield>
      <subfield code="c">2020</subfield>
    </datafield>
    <datafield tag="084" ind1="#" ind2="#">
      <subfield code="a">PKN 314 2020</subfield>
    </datafield>
    <datafield tag="520" ind1="#" ind2="#">
      <subfield code="a">Laporan proyek perubahan ini menjelaskan belum maksimalnya penyelenggaraa system drainase perkotaan dikarenakan proses pelapoan kerusakan oleh masyarakat belum baik, belum adanya skala prioritas daerah penanganan cepat dan pemeliharaan, belum tepatnya penanganan masalah drainase di lapangan dan lamanya waktu ke lokasi oleh satuan tugas. Inovasi Sistem Informasi Drainase ( SIDARA) adalah strategi penanganan operasional dan pemeliharan dengan memanfaatkan teknologi informasi untuk memperrmudah system pelaporan dan informasi terkait system drainase perkotaaan di Kabupaten Bintan sehingga dapat melakukan penanganan cepat tanggap (fast respond) masalah yang timbul di lapangan</subfield>
    </datafield>
    <datafield tag="500" ind1="#" ind2="#">
      <subfield code="a">Coach:Dr. Rahmat, MA&#13;
Penguji:Drs. Yasmon, MLS&#13;
Mentor:Dr. Rahmat, MA.</subfield>
    </datafield>
    <controlfield tag="008">220907################|##########|#|##</controlfield>
    <datafield tag="650" ind1="#" ind2="4">
      <subfield code="a">Proyek Perubahan</subfield>
    </datafield>
    <datafield tag="650" ind1="#" ind2="4">
      <subfield code="a">Kepemimpinan Nasional Tingkat II</subfield>
    </datafield>
    <datafield tag="650" ind1="#" ind2="4">
      <subfield code="a">sistem informasi</subfield>
    </datafield>
    <datafield tag="650" ind1="#" ind2="4">
      <subfield code="a">teknologi informasi</subfield>
    </datafield>
    <datafield tag="650" ind1="#" ind2="4">
      <subfield code="a">layanan pemerintah</subfield>
    </datafield>
    <datafield tag="650" ind1="#" ind2="4">
      <subfield code="a">layanan informasi</subfield>
    </datafield>
    <datafield tag="650" ind1="#" ind2="4">
      <subfield code="a">aset negara</subfield>
    </datafield>
    <datafield tag="650" ind1="#" ind2="4">
      <subfield code="a">pemeliharan drainase</subfield>
    </datafield>
    <datafield tag="650" ind1="#" ind2="4">
      <subfield code="a">pemeliharaan kota</subfield>
    </datafield>
    <datafield tag="990" ind1="#" ind2="#">
      <subfield code="a">PKN/314/2020</subfield>
    </datafield>
  </record>
</collection>
